| 000 | 00738nam a2200229 a 4500 | ||
|---|---|---|---|
| 005 | 20140310183520.0 | ||
| 008 | 110803s19uu xx 00 eng d | ||
| 020 | _a9789810695958 | ||
| 050 |
_aQA 76.9 _b.L951 2010 |
||
| 100 | _aLuger, George F. | ||
| 245 |
_aArtificial intelligence : _bstructures and strategies for complex problem solving / _cGeorge F. Luger. |
||
| 250 | _a6th ed. | ||
| 260 |
_aSingapore : _bPearson Education South Asia PTe Ltd, _c2010. |
||
| 300 |
_a754 p. : _bill. ; _c23 cm. |
||
| 500 | _aIncludes bibliography and index. | ||
| 521 | _aIT | ||
| 546 | _aC12227 | ||
| 546 | _aC12226 | ||
| 650 | _aArtificial inteligence. | ||
| 650 | _aKnowledge representation (Information theory). | ||
| 942 |
_cBK _2lcc _kFOR |
||
| 999 |
_c24383 _d24383 |
||